书目信息 |
| 题名: |
别墅设计360°
|
|
| 作者: | ThinkArchit工作室 主编 | |
| 分册: | 异域风情 | |
| 出版信息: | 武汉 华中科技大学出版社 2012.01 |
|
| 页数: | 303页 | |
| 开本: | 20cm | |
| 丛书名: | ||
| 单 册: | ||
| 中图分类: | TU241.1-64 | |
| 科图分类: | ||
| 主题词: | 民用建筑--建筑设计 | |
| 电子资源: | ||
| ISBN: | 978-7-5609-7401-9 | |
| 000 | 00668nam0 2200193 450 | |
| 001 | 1260880043 | |
| 005 | 20120210172502.50 | |
| 010 | @a978-7-5609-7401-9@dCNY268.00 | |
| 100 | @a20120210d2012 km y0chiy0120 ea | |
| 101 | 0 | @achi |
| 200 | 1 | @a别墅设计360°@Abie shu she ji 360°@i异域风情@fThinkArchit工作室主编@FThinkArchit gong zuo shi zhu bian |
| 210 | @a武汉@c华中科技大学出版社@d2012.01 | |
| 215 | @a303页@d20cm | |
| 517 | 1 | @a异域风情@Ayi yu feng qing |
| 606 | 0 | @a民用建筑@x建筑设计 |
| 690 | @aTU241.1-64@v4 | |
| 701 | 0 | @aThinkArchit工作室@AThinkArchit gong zuo shi@4主编 |
| 801 | 0 | @aCN@b大连网信软件有限公司图书馆·11@c20120210 |
| 905 | @aZUCC@dTU241.1-64@eJ327 | |
| 别墅设计360°.异域风情/ThinkArchit工作室主编.-武汉:华中科技大学出版社,2012.01 |
| 303页;20cm |
| ISBN 978-7-5609-7401-9:CNY268.00 |
| ● |
| 相关链接 |
|
|
|
正题名:别墅设计360°
索取号:TU241.1-64/J327
 
预约/预借
| 序号 | 登录号 | 条形码 | 馆藏地/架位号 | 状态 | 备注 |
| 1 | 483449 | 204834493 | 建筑库101/101建筑库 64排7列3层/ [索取号:TU241.1-64/J327] | 在馆 |